Statistics for Highest-Grossing Directors (Updated)

Click here to take the quiz!

General Stats

  • This quiz has been taken 282 times
    (181 since last reset)
  • The average score is 6 of 13

Answer Stats

Director% Correct
Steven Spielberg
89%
James Cameron
84%
Christopher Nolan
59%
Clint Eastwood
58%
Russo brothers
52%
Michael Bay
50%
Peter Jackson
44%
Ridley Scott
39%
J. J. Abrams
36%
Robert Zemeckis
28%
Ron Howard
26%
Tim Burton
22%
David Yates
19%

Score Distribution

Percentile by Number Answered

Percent of People with Each Score

Your Score History

You have not taken this quiz since the last reset